00270nam a2200121Ia 4500008004100000100000900041245001900050260003700069300000800106650001000114942000700124999001700131190216s9999||||xx |||||||||||||| ||und|| aNull 0aHindi-Prabanch bNew Age International Publishers a117 aHindi cBK c15901d15901